| 000 | 01164nas a2200325 4500 | ||
|---|---|---|---|
| 001 | BR2016000917 | ||
| 003 | BR-BrBNA | ||
| 005 | 20231205130149.0 | ||
| 007 | ta | ||
| 008 | 230509b bl.|||p| |||| 00| 00por d | ||
| 040 |
_aBR-BrBNA _bpor _cBiblioteca Nacional de Agricultura |
||
| 041 | _a(Pt) | ||
| 072 | _aF02 | ||
| 100 | 1 | _aLopes, E.D. | |
| 100 | 1 | _aSoares, V.B. | |
| 100 | 1 | _aSilva, L.R. da | |
| 245 | 1 | _aUtilização de resíduos agroflorestais na formulação de substrato renovável para produção de mudas de Corymbia citriodora | |
| 246 | 1 | _aUse of bagasse of sugar and coal fines in the formulation of renewable substrate for production of Corymbia citriodora | |
| 650 | _aMUDA | ||
| 650 | _aPROPAGACAO VEGETATIVA | ||
| 650 | _aSUBSTRATO DE CULTURA | ||
| 650 | _aMORFOLOGIA VEGETAL | ||
| 650 | _aANALISE COMPARATIVA | ||
| 650 | _aQUALIDADE | ||
| 650 | _aRESIDUO | ||
| 773 | 0 |
_tCaderno de Ciências Agrárias (Brazil) _xISSN 2447-6218 _g(Jan-Apr 2015), v. 7(1) p. 138-148 _wBR2016000917 |
|
| 856 | 4 | 0 | _uhttps://seer.ufmg.br/index.php/ccaufmg/article/view/1153/925 |
| 909 |
_a202311 _bLúcia _c55 _dLúcia Elande |
||
| 942 |
_2AGRIS _n0 _cANA |
||
| 999 |
_c248092 _d248092 |
||